000 00670cab a2200253 4500
001 WB3324-17
008 090401t1997 xxu||||| |||| 00| 0 eng d
035 _a(Sirsi) u79005
041 _aeng
245 _aUp-market homes scarce
260 _c1997
350 _a0
490 _aWestern Mail
_v14 June 1997, 2(1)
520 _aA shortage of executive housing in South Wales could hamper efforts to attract more investment.
650 _aCOMMUTING
650 _aEXECUTIVE HOUSING
650 _aINWARD INVESTMENT
650 _aSHORTAGE
650 _aSOUTH WALES
650 _aWALES
690 _aHOUSING-DEVELOPMENT
942 _n0
948 _c17/06/1997
999 _c49647
_d49647